[Event "St Petersburg White Nights op"]
[Site "St Petersburg"]
[Date "2001.06.17"]
[Round "9"]
[White "Nikolaev, Nikita"]
[Black "Vulfson, Vladimir"]
[Result "1-0"]
[WhiteElo "2319"]
[BlackElo "2412"]
[PlyCount "80"]
[EventDate "2001.06.09"]
[EventType "swiss"]
[EventRounds "9"]
[EventCountry "RUS"]
[SourceTitle "CBM 082 Extra"]
[Source "ChessBase"]
[SourceDate "2001.07.03"]
[SourceVersion "1"]
[SourceVersionDate "2001.07.03"]
[SourceQuality "1"]

1. d4 d5 2. Nf3 Nf6 3. c4 e6 4. g3 dxc4 5. Bg2 Nc6 6. 0-0 Rb8 7. Nc3 b5 8. Ne5 Nxe5 9. dxe5 Nd5 10. Nxd5 exd5 11. Bxd5 Be6 12. e4 Bc5 13. Bc6+ Ke7 14. Qf3 Kf8 15. Be3 Qe7 16. Bd5 Bb6 17. Rad1 h5 18. Bxe6 Qxe6 19. Rd5 c6 20. Rd6 Qxe5 21. Bf4 Qe8 22. Rfd1 Rc8 23. Rd7 Kg8 24. Bg5 g6 25. e5 Rh7 26. Be7 Rc7 27. Rxc7 Bxc7 28. Qf6 Rg7 29. f4 Qc8 30. Bd8 Qg4 31. Rd2 Bxd8 32. Rxd8+ Kh7 33. Qxc6 Qe2 34. Qc8 Qe1+ 35. Kg2 Qe2+ 36. Kh3 Qg4+ 37. Qxg4 hxg4+ 38. Kxg4 f5+ 39. exf6 Rc7 40. Re8 Rc5 1-0

[Event "St Petersburg White Nights op"]
[Site "St Petersburg"]
[Date "2001.06.16"]
[Round "8"]
[White "Vulfson, Vladimir"]
[Black "Korotylev, Alexey"]
[Result "0-1"]
[WhiteElo "2412"]
[BlackElo "2554"]
[PlyCount "82"]
[EventDate "2001.06.09"]
[EventType "swiss"]
[EventRounds "9"]
[EventCountry "RUS"]
[SourceTitle "CBM 082 Extra"]
[Source "ChessBase"]
[SourceDate "2001.07.03"]
[SourceVersion "1"]
[SourceVersionDate "2001.07.03"]
[SourceQuality "1"]

1. d4 Nf6 2. c4 e6 3. Nf3 b6 4. Nc3 Bb7 5. a3 g6 6. Qc2 Bxf3 7. gxf3 Nc6 8. e3 Bg7 9. f4 Ne7 10. Bd3 c5 11. dxc5 bxc5 12. Ne2 0-0 13. Bd2 Rb8 14. Bc3 Rb6 15. Rg1 Qa8 16. e4 d5 17. e5 Nh5 18. Ba5 Rb7 19. Bd2 Rfb8 20. Rb1 Rb3 21. Ng3 Nxg3 22. Rxg3 Qb7 23. cxd5 Nxd5 24. Ba6 Rxb2 25. Bxb7 Rxc2 26. Rgb3 c4 27. Rb5 Nc3 28. Bxc3 Rxc3 29. Ba6 Rxb5 30. Rxb5 Rxa3 31. Rb8+ Bf8 32. Bxc4 Rf3 33. Ke2 Rxf4 34. Bd3 Kg7 35. f3 a5 36. Kf2 Rd4 37. Be4 a4 38. Ra8 a3 39. Kg3 Rd2 40. Bc6 Bc5 41. Bb5 Bg1 0-1

[Event "St Petersburg White Nights op"]
[Site "St Petersburg"]
[Date "2001.06.15"]
[Round "7"]
[White "Alagulian, Kamo"]
[Black "Vulfson, Vladimir"]
[Result "0-1"]
[WhiteElo "2226"]
[BlackElo "2412"]
[PlyCount "66"]
[EventDate "2001.06.09"]
[EventType "swiss"]
[EventRounds "9"]
[EventCountry "RUS"]
[SourceTitle "CBM 082 Extra"]
[Source "ChessBase"]
[SourceDate "2001.07.03"]
[SourceVersion "1"]
[SourceVersionDate "2001.07.03"]
[SourceQuality "1"]

1. e4 c6 2. d4 d5 3. Nc3 g6 4. h3 Bg7 5. Nf3 Nh6 6. exd5 cxd5 7. Bf4 f6 8. Bxb8 Rxb8 9. Bb5+ Kf7 10. Qe2 e6 11. a4 Rf8 12. 0-0 Kg8 13. Qd2 Nf7 14. Rfe1 a6 15. Bf1 Bd7 16. a5 Bh6 17. Qd1 Re8 18. g3 Bf8 19. Na4 Qxa5 20. c4 Qd8 21. Nc5 Bxc5 22. dxc5 dxc4 23. Bxc4 e5 24. Qb3 Qe7 25. Rad1 Bxh3 26. Rd6 Rbc8 27. Rb6 Rc7 28. c6 bxc6 29. Nd4 Bd7 30. Rxa6 Kg7 31. Qb6 Rec8 32. b4 Qd6 33. Nb5 cxb5 0-1

[Event "St Petersburg White Nights op"]
[Site "St Petersburg"]
[Date "2001.06.13"]
[Round "5"]
[White "Ioffe, Alexander"]
[Black "Vulfson, Vladimir"]
[Result "1/2-1/2"]
[WhiteElo "2283"]
[BlackElo "2412"]
[PlyCount "43"]
[EventDate "2001.06.09"]
[EventType "swiss"]
[EventRounds "9"]
[EventCountry "RUS"]
[SourceTitle "CBM 082 Extra"]
[Source "ChessBase"]
[SourceDate "2001.07.03"]
[SourceVersion "1"]
[SourceVersionDate "2001.07.03"]
[SourceQuality "1"]

1. d4 d5 2. c4 dxc4 3. Nf3 Nf6 4. e3 e6 5. Bxc4 c5 6. 0-0 a6 7. Bb3 Nbd7 8. Qe2 b5 9. e4 Bb7 10. e5 Nd5 11. Nc3 c4 12. Bc2 h6 13. a4 N7b6 14. Bd2 Nxc3 15. Bxc3 Be7 16. Ba5 Rb8 17. Rfd1 Bd5 18. Nd2 Qd7 19. axb5 axb5 20. Ne4 Bxe4 21. Qxe4 Nd5 22. Bd2 1/2-1/2

[Event "Chalkidiki White Tower op"]
[Site "Chalkidiki"]
[Date "2000.10.07"]
[Round "5"]
[White "Hebden, Mark"]
[Black "Vulfson, Vladimir"]
[Result "1-0"]
[WhiteElo "2505"]
[BlackElo "2416"]
[PlyCount "63"]
[EventDate "2000.10.03"]
[EventType "swiss"]
[EventRounds "7"]
[EventCountry "GRE"]
[SourceTitle "EXT 2001"]
[Source "ChessBase"]
[SourceDate "2000.11.22"]
[SourceVersion "1"]
[SourceVersionDate "2000.11.22"]
[SourceQuality "1"]

1. d4 d5 2. c4 dxc4 3. Nf3 Nf6 4. e3 e6 5. Bxc4 c5 6. 0-0 a6 7. e4 cxd4 8. e5 Nfd7 9. Qxd4 Nc6 10. Qf4 b5 11. Bb3 Bb7 12. Nc3 g5 13. Nxg5 Ncxe5 14. Re1 Rg8 15. Nd5 Rxg5 16. Qxg5 exd5 17. Qf5 Bg7 18. Bf4 Kf8 19. Bxe5 Nxe5 20. Rxe5 Bxe5 21. Qxe5 f6 22. Qf5 Qe7 23. Bxd5 Bxd5 24. Qxd5 Rd8 25. Qf5 Rd2 26. g3 Kg7 27. Rc1 Rxb2 28. Qg4+ Kf7 29. Qf4 Kg6 30. h4 h5 31. Rc6 Rxa2 32. Qg5+ 1-0

[Event "St Petersburg op"]
[Site "St Petersburg"]
[Date "1995.??.??"]
[Round "7"]
[White "Galkin, Alexander"]
[Black "Vulfson, Vladimir"]
[Result "1-0"]
[WhiteElo "2415"]
[BlackElo "2435"]
[PlyCount "41"]
[EventDate "1995.05.??"]
[EventType "swiss"]
[EventRounds "9"]
[EventCountry "RUS"]
[SourceTitle "CBM 046 Extra"]
[Source "ChessBase"]
[SourceDate "1995.07.01"]
[SourceVersion "1"]
[SourceVersionDate "1995.07.01"]
[SourceQuality "1"]

1. e4 c5 2. Nf3 d6 3. d4 cxd4 4. Nxd4 Nf6 5. Nc3 g6 6. Be3 Bg7 7. Be2 0-0 8. 0-0 b6 9. Bf3 Bb7 10. e5 Bxf3 11. Qxf3 dxe5 12. Ne6 fxe6 13. Qxa8 Qc7 14. Qf3 e4 15. Nxe4 Qxc2 16. Nxf6+ Bxf6 17. Qb7 Bxb2 18. Rad1 Kf7 19. Rd2 Qc3 20. Qf3+ Kg7 21. Bh6+ 1-0

[Event "St Petersburg op"]
[Site "St Petersburg"]
[Date "1995.??.??"]
[Round "1"]
[White "Khalifman, Alexander"]
[Black "Vulfson, Vladimir"]
[Result "1-0"]
[WhiteElo "2635"]
[BlackElo "2435"]
[PlyCount "63"]
[EventDate "1995.05.??"]
[EventType "swiss"]
[EventRounds "9"]
[EventCountry "RUS"]
[SourceTitle "CBM 046 Extra"]
[Source "ChessBase"]
[SourceDate "1995.07.01"]
[SourceVersion "1"]
[SourceVersionDate "1995.07.01"]
[SourceQuality "1"]

1. d4 d5 2. c4 dxc4 3. e4 c5 4. d5 e6 5. Nc3 exd5 6. Nxd5 Nf6 7. Bxc4 Nxd5 8. Bxd5 Be7 9. Ne2 0-0 10. 0-0 Nd7 11. Nc3 Nb6 12. Bf4 Bf6 13. e5 Be7 14. Be4 Qxd1 15. Rfxd1 g5 16. Be3 Rb8 17. b3 Be6 18. Nb5 Nd7 19. f4 gxf4 20. Bxf4 c4 21. bxc4 Nb6 22. Nd6 Nxc4 23. Nxb7 f6 24. exf6 Bxf6 25. Bxb8 Bxa1 26. Bxa7 Bc3 27. Nd8 Bg4 28. Bd5+ Kh8 29. Nf7+ Kg7 30. Rc1 Ne5 31. Rxc3 Nxf7 32. Rg3 1-0

[Event "St Petersburg op"]
[Site "St Petersburg"]
[Date "1995.??.??"]
[Round "6"]
[White "Vulfson, Vladimir"]
[Black "Ionov, Sergey"]
[Result "0-1"]
[WhiteElo "2435"]
[BlackElo "2525"]
[PlyCount "58"]
[EventDate "1995.05.??"]
[EventType "swiss"]
[EventRounds "9"]
[EventCountry "RUS"]
[SourceTitle "CBM 046 Extra"]
[Source "ChessBase"]
[SourceDate "1995.07.01"]
[SourceVersion "1"]
[SourceVersionDate "1995.07.01"]
[SourceQuality "1"]

1. d4 Nf6 2. c4 e6 3. Nc3 Bb4 4. f3 d5 5. a3 Bxc3+ 6. bxc3 c5 7. cxd5 Nxd5 8. Qc2 0-0 9. e3 Nc6 10. Bd3 Qh4+ 11. g3 Qh5 12. Ne2 cxd4 13. cxd4 e5 14. e4 Ndb4 15. axb4 Nxb4 16. Qb3 Qxf3 17. Qxb4 Qxh1+ 18. Kd2 Qxh2 19. d5 Bg4 20. Qb2 f5 21. exf5 e4 22. Bb5 a6 23. Ke3 axb5 24. Rxa8 Rxa8 25. Nd4 Qxg3+ 26. Kxe4 Re8+ 27. Ne6 Qf3+ 28. Ke5 Bxf5 29. Qxb5 Qh5 0-1

[Event "Moscow op"]
[Site "Moscow"]
[Date "1994.??.??"]
[Round "5"]
[White "Moizhess, Igor"]
[Black "Vulfson, Vladimir"]
[Result "1-0"]
[WhiteElo "2470"]
[BlackElo "2430"]
[PlyCount "77"]
[EventDate "1994.??.??"]
[EventType "swiss"]
[EventRounds "9"]
[EventCountry "RUS"]
[SourceTitle "EXT 1997"]
[Source "ChessBase"]
[SourceDate "1996.11.15"]
[SourceVersion "1"]
[SourceVersionDate "1996.11.15"]
[SourceQuality "1"]

1. Nf3 d5 2. g3 Bg4 3. Bg2 Nd7 4. 0-0 c6 5. d3 e5 6. c4 dxc4 7. dxc4 Ngf6 8. Nc3 Be7 9. h3 Be6 10. b3 h6 11. Qc2 0-0 12. Nh4 Re8 13. Nf5 Bf8 14. g4 g6 15. Nxh6+ Bxh6 16. Bxh6 Bxg4 17. Rad1 Be6 18. Bg5 Qa5 19. Ne4 Nxe4 20. Qxe4 Bf5 21. Qh4 e4 22. Rd6 Nf8 23. Bf6 Nh7 24. Ba1 Qc7 25. Rfd1 Qe7 26. Qh6 Qf8 27. Qe3 f6 28. c5 Qf7 29. Qf4 Re6 30. h4 Rae8 31. e3 Kg7 32. Bf1 Rxd6 33. cxd6 Be6 34. Bg2 Bd5 35. Bh3 Rd8 36. Kh2 Qf8 37. d7 Qe7 38. Rg1 Bf7 39. h5 1-0

[Event "Moscow op"]
[Site "Moscow"]
[Date "1994.??.??"]
[Round "8"]
[White "Vulfson, Vladimir"]
[Black "Iskusnyh, Sergei"]
[Result "1-0"]
[WhiteElo "2430"]
[BlackElo "2425"]
[PlyCount "65"]
[EventDate "1994.??.??"]
[EventType "swiss"]
[EventRounds "9"]
[EventCountry "RUS"]
[SourceTitle "EXT 1997"]
[Source "ChessBase"]
[SourceDate "1996.11.15"]
[SourceVersion "1"]
[SourceVersionDate "1996.11.15"]
[SourceQuality "1"]

1. d4 Nf6 2. c4 g6 3. Nc3 Bg7 4. e4 d6 5. Nf3 0-0 6. Be2 e5 7. d5 a5 8. h3 Na6 9. Bg5 Qe8 10. Nd2 Nd7 11. a3 f6 12. Be3 f5 13. f3 Nf6 14. g4 Bd7 15. Qc2 c6 16. Bd3 cxd5 17. cxd5 b5 18. exf5 gxf5 19. gxf5 e4 20. Ndxe4 b4 21. Rg1 bxc3 22. Qxc3 Rc8 23. Qxf6 Rxf6 24. Nxf6+ Kh8 25. Nxe8 Rxe8 26. Kd2 Nc5 27. Rxg7 Nb3+ 28. Kc3 Kxg7 29. Rg1+ Kf7 30. Bh6 Ba4 31. Rg7+ Kf6 32. Rc7 Re1 33. h4 1-0